[Event "Karelian Autumn"]
[Site "Petrozavodsk"]
[Date "2012.10.14"]
[Round "3"]
[White "Potievskaya, Alexandra"]
[Black "Viushin, Dmitry A"]
[Result "1-0"]
[WhiteElo "1884"]
[BlackElo "2007"]
[PlyCount "81"]
[EventDate "2012.10.14"]
[EventType "swiss"]
[EventRounds "9"]
[EventCountry "RUS"]
[SourceTitle "EXT 2013"]
[Source "ChessBase"]
[SourceDate "2012.11.22"]
[SourceVersion "1"]
[SourceVersionDate "2012.11.22"]
[SourceQuality "1"]

1. e4 e5 2. Nf3 Nc6 3. Bb5 Nf6 4. d3 d6 5. 0-0 Bg4 6. c3 a6 7. Ba4 Be7 8. Re1 0-0 9. Nbd2 Re8 10. Nf1 Bf8 11. h3 Bh5 12. Ng3 Bg6 13. Bg5 b5 14. Bc2 Nb8 15. d4 Nbd7 16. Qd2 c5 17. Rad1 Qc7 18. d5 c4 19. Nh4 Nh5 20. Ngf5 Bxf5 21. Nxf5 f6 22. Be3 g6 23. Nh4 Ng7 24. Bh6 Be7 25. Bxg7 Kxg7 26. Nf3 Rf8 27. g4 Rf7 28. Kh1 Nf8 29. h4 Qd7 30. Rg1 h5 31. gxh5 Qh3+ 32. Nh2 Qxh4 33. hxg6 Nxg6 34. Rg4 Qh6 35. Qxh6+ Kxh6 36. Rdg1 Rg8 37. R1g3 Rh7 38. Kg1 Bd8 39. Nf3 Rgh8 40. Nh4 Ne7 41. Nf5+ 1-0

[Event "Karelia-ch 65th"]
[Site "Kondopoga"]
[Date "2012.02.26"]
[Round "9"]
[White "Viushin, Dmitry A"]
[Black "Gromov, Leonid"]
[Result "1/2-1/2"]
[WhiteElo "2040"]
[BlackElo "1750"]
[PlyCount "23"]
[EventDate "2012.02.21"]
[EventType "swiss"]
[EventRounds "9"]
[EventCountry "RUS"]
[SourceTitle "EXT 2013"]
[Source "ChessBase"]
[SourceDate "2012.11.22"]
[SourceVersion "1"]
[SourceVersionDate "2012.11.22"]
[SourceQuality "1"]

1. d4 Nf6 2. c4 g6 3. Nc3 Bg7 4. Nf3 0-0 5. e4 d6 6. Be2 c5 7. dxc5 Qa5 8. Bd2 Qxc5 9. Be3 Qa5 10. Bd2 Qc5 11. Be3 Qa5 12. Bd2 1/2-1/2

[Event "Karelia-ch 65th"]
[Site "Kondopoga"]
[Date "2012.02.25"]
[Round "7"]
[White "Kolegov, Andrey"]
[Black "Viushin, Dmitry A"]
[Result "1/2-1/2"]
[WhiteElo "1893"]
[BlackElo "2040"]
[PlyCount "80"]
[EventDate "2012.02.21"]
[EventType "swiss"]
[EventRounds "9"]
[EventCountry "RUS"]
[SourceTitle "EXT 2013"]
[Source "ChessBase"]
[SourceDate "2012.11.22"]
[SourceVersion "1"]
[SourceVersionDate "2012.11.22"]
[SourceQuality "1"]

1. e4 e5 2. Nf3 Nc6 3. Nc3 Bb4 4. Nd5 Ba5 5. c3 Nf6 6. b4 Bb6 7. a4 Nxe4 8. Nxb6 axb6 9. b5 Ne7 10. Nxe5 0-0 11. Bd3 Nf6 12. 0-0 Ng6 13. Nxg6 hxg6 14. Ba3 d6 15. Bc2 Bg4 16. f3 Be6 17. d3 Nd5 18. Qd2 Qf6 19. Bb2 Qf4 20. Bc1 Qf6 21. d4 Bf5 22. Bb3 Ne7 23. g4 Be6 24. d5 Bd7 25. Bb2 Qh4 26. Rae1 Rfe8 27. c4 g5 28. Bc1 f6 29. Bc2 Qh6 30. Qd3 Kf7 31. Rf2 Ng6 32. Ref1 Nf4 33. Bxf4 gxf4 34. Qd2 Re5 35. h4 Qxh4 36. Rh2 Qg3+ 37. Rg2 Qh3 38. Rh2 Qg3+ 39. Rg2 Qh3 40. Rh2 Qg3+ 1/2-1/2

[Event "Karelian Autumn"]
[Site "Petrozavodsk"]
[Date "2011.10.10"]
[Round "4"]
[White "Savolainen, Lev P"]
[Black "Viushin, Dmitry A"]
[Result "1-0"]
[WhiteElo "2140"]
[BlackElo "2043"]
[PlyCount "63"]
[EventDate "2011.10.08"]
[EventType "swiss"]
[EventRounds "9"]
[EventCountry "RUS"]
[SourceTitle "EXT 2012"]
[Source "ChessBase"]
[SourceDate "2011.11.24"]
[SourceVersion "1"]
[SourceVersionDate "2011.11.24"]
[SourceQuality "1"]

1. d4 Nf6 2. c4 e6 3. Nc3 d5 4. Bg5 Be7 5. cxd5 exd5 6. Qc2 c6 7. e3 Nbd7 8. Bd3 Nf8 9. Nge2 Ne6 10. Bh4 g6 11. Rd1 Ng7 12. f3 Bf5 13. e4 dxe4 14. fxe4 Bg4 15. 0-0 Bxe2 16. Bxe2 0-0 17. Kh1 Nfe8 18. Bxe7 Qxe7 19. Bc4 Nd6 20. Bb3 Rae8 21. Rfe1 Qh4 22. g3 Qg4 23. Qg2 Ne6 24. e5 Nf5 25. Ne4 Kg7 26. h3 Qh5 27. g4 Qh6 28. gxf5 Nf4 29. f6+ Kg8 30. Qh2 Nxh3 31. Rd3 Qh4 32. Ree3 1-0

[Event "Karelian Autumn op-B"]
[Site "Petrozavodsk"]
[Date "2009.10.16"]
[Round "8"]
[White "Viushin, Dmitry A"]
[Black "Stebunov, Alexander A"]
[Result "1/2-1/2"]
[WhiteElo "2130"]
[BlackElo "1963"]
[PlyCount "83"]
[EventDate "2009.10.10"]
[EventType "swiss"]
[EventRounds "9"]
[EventCountry "RUS"]
[SourceTitle "EXT 2022"]
[Source "ChessBase"]
[SourceDate "2021.10.06"]
[SourceVersion "1"]
[SourceVersionDate "2021.10.06"]
[SourceQuality "1"]

1. Nf3 Nf6 2. c4 g6 3. b3 Bg7 4. Bb2 0-0 5. e3 d6 6. Be2 e5 7. d3 Nc6 8. 0-0 h6 9. Nc3 Ne7 10. d4 exd4 11. exd4 c6 12. Rc1 d5 13. Bd3 Bg4 14. c5 Nf5 15. Bxf5 Bxf5 16. Ne2 Re8 17. Ng3 Bg4 18. h3 Bxf3 19. Qxf3 Ne4 20. Rfe1 Nxg3 21. Qxg3 Qd7 22. Qd3 Rxe1+ 23. Rxe1 Re8 24. Rxe8+ Qxe8 25. Qe3 Qxe3 26. fxe3 f5 27. Kf2 Kf7 28. Kf3 g5 29. g4 Kg6 30. Bc3 fxg4+ 31. hxg4 h5 32. gxh5+ Kxh5 33. e4 dxe4+ 34. Kxe4 Kh4 35. Be1+ Kh3 36. d5 cxd5+ 37. Kxd5 g4 38. Bf2 g3 39. Be3 Kg2 40. c6 bxc6+ 41. Kxc6 a5 42. Bf4 1/2-1/2

[Event "Karelian Autumn op-B"]
[Site "Petrozavodsk"]
[Date "2009.10.14"]
[Round "6"]
[White "Viushin, Dmitry A"]
[Black "Gudkov, Gennady I"]
[Result "0-1"]
[WhiteElo "2130"]
[BlackElo "2202"]
[PlyCount "68"]
[EventDate "2009.10.10"]
[EventType "swiss"]
[EventRounds "9"]
[EventCountry "RUS"]
[SourceTitle "EXT 2022"]
[Source "ChessBase"]
[SourceDate "2021.10.06"]
[SourceVersion "1"]
[SourceVersionDate "2021.10.06"]
[SourceQuality "1"]

1. Nf3 Nf6 2. c4 g6 3. b3 Bg7 4. Bb2 0-0 5. e3 d6 6. Be2 e5 7. d3 c6 8. 0-0 h6 9. c5 Re8 10. cxd6 Qxd6 11. Nbd2 Nd5 12. Nc4 Qc7 13. Qc2 a5 14. a3 Nd7 15. Rac1 N7b6 16. Nfd2 Be6 17. Ne4 Nd7 18. Rfd1 f5 19. Nc3 N5f6 20. Nd2 Kh7 21. d4 exd4 22. Nb5 Qb8 23. Nxd4 Bd5 24. Bf3 Be4 25. Bxe4 fxe4 26. h3 Re7 27. Ne2 Qe8 28. Ng3 Ra6 29. Ndxe4 Nxe4 30. Nxe4 Bxb2 31. Rxd7 Rxd7 32. Qxb2 Qxe4 33. Rc4 Qe6 34. Rf4 Rf7 0-1

[Event "Karelian Autumn op-B"]
[Site "Petrozavodsk"]
[Date "2009.10.12"]
[Round "4"]
[White "Viushin, Dmitry A"]
[Black "Dvorzhitsky, Alexander N"]
[Result "0-1"]
[WhiteElo "2130"]
[BlackElo "2057"]
[PlyCount "94"]
[EventDate "2009.10.10"]
[EventType "swiss"]
[EventRounds "9"]
[EventCountry "RUS"]
[SourceTitle "EXT 2022"]
[Source "ChessBase"]
[SourceDate "2021.10.06"]
[SourceVersion "1"]
[SourceVersionDate "2021.10.06"]
[SourceQuality "1"]

1. Nf3 f5 2. d3 d5 3. e4 dxe4 4. dxe4 Qxd1+ 5. Kxd1 e6 6. exf5 exf5 7. Bb5+ Bd7 8. Re1+ Be7 9. Nc3 Nc6 10. Nd5 0-0-0 11. Nxe7+ Ngxe7 12. c3 Rhe8 13. Kc2 Nb4+ 14. cxb4 Bxb5 15. Bg5 Bd3+ 16. Kc3 Be4 17. Bxe7 Rd3+ 18. Kc4 Rxe7 19. Nd4 c6 20. a4 Rd7 21. Ne6 R7d6 22. f3 Rxe6 23. fxe4 fxe4 24. Rad1 Rxd1 25. Rxd1 Kc7 26. Rd2 e3 27. Re2 Re4+ 28. Kd3 Rxb4 29. Kxe3 Rxa4 30. Rf2 Rg4 31. h3 Rg6 32. g4 h6 33. Rf7+ Kb6 34. Kf4 a5 35. h4 a4 36. Kf5 Rd6 37. Rxg7 Rd2 38. Kg6 Rxb2 39. Rg8 Rb5 40. Re8 a3 41. Re1 Rb4 42. Kh5 Kb5 43. g5 hxg5 44. hxg5 a2 45. Ra1 Rb2 46. g6 Rg2 47. Kh6 Kb4 0-1

[Event "Chigorin Memorial-B 15th"]
[Site "St Petersburg"]
[Date "2007.12.08"]
[Round "8"]
[White "Vunder, Andrei"]
[Black "Viushin, Dmitry A"]
[Result "1/2-1/2"]
[WhiteElo "2296"]
[BlackElo "2100"]
[PlyCount "89"]
[EventDate "2007.11.30"]
[EventType "swiss"]
[EventRounds "9"]
[EventCountry "RUS"]
[SourceTitle "CBM 121 Extra"]
[Source "ChessBase"]
[SourceDate "2008.01.10"]
[SourceVersion "1"]
[SourceVersionDate "2008.01.10"]
[SourceQuality "1"]

1. Nf3 d5 2. e3 Nf6 3. c4 c6 4. Nc3 a6 5. Qc2 g6 6. d4 b5 7. b3 Bg7 8. Bd3 0-0 9. 0-0 Nbd7 10. Bb2 b4 11. Na4 e5 12. dxe5 Ng4 13. cxd5 cxd5 14. Qc6 Ra7 15. e6 Nde5 16. Nxe5 Bxe5 17. Bxe5 Nxe5 18. Qc5 Rc7 19. Qd4 Nxd3 20. exf7+ Rcxf7 21. Qxd3 Rxf2 22. Rxf2 Rxf2 23. Kxf2 Qf6+ 24. Ke2 Bg4+ 25. Kd2 Qxa1 26. Qxd5+ Kf8 27. Qd6+ Kg8 28. Qd8+ Kf7 29. Qc7+ Kf6 30. Qf4+ Bf5 31. Qd4+ Qxd4+ 32. exd4 Bb1 33. Nc5 a5 34. g3 Ke7 35. Kc1 Bf5 36. Nb7 Ke6 37. Kd2 Kd5 38. Ke3 Bb1 39. Nxa5 Bxa2 40. h3 g5 41. h4 gxh4 42. gxh4 h5 43. Kd3 Bb1+ 44. Ke3 Ba2 45. Kd3 1/2-1/2

[Event "Chigorin Memorial-B 15th"]
[Site "St Petersburg"]
[Date "2007.12.05"]
[Round "5"]
[White "Viushin, Dmitry A"]
[Black "Reutsky, Sergei"]
[Result "1/2-1/2"]
[WhiteElo "2100"]
[BlackElo "2343"]
[PlyCount "96"]
[EventDate "2007.11.30"]
[EventType "swiss"]
[EventRounds "9"]
[EventCountry "RUS"]
[SourceTitle "CBM 121 Extra"]
[Source "ChessBase"]
[SourceDate "2008.01.10"]
[SourceVersion "1"]
[SourceVersionDate "2008.01.10"]
[SourceQuality "1"]

1. e4 e6 2. d4 d5 3. exd5 exd5 4. Nf3 Nf6 5. Bd3 Bd6 6. Bg5 0-0 7. 0-0 h6 8. Bh4 c6 9. Nbd2 Bg4 10. c3 Nbd7 11. Re1 Qc7 12. Qc2 Rfe8 13. Bf5 Bf4 14. Bg3 Bxg3 15. hxg3 Qb6 16. Bxg4 Nxg4 17. Qf5 Ndf6 18. b3 Qa5 19. Qc2 Ne4 20. Nxe4 dxe4 21. Nh2 Nf6 22. Nf1 Rad8 23. Ne3 Qg5 24. Rad1 h5 25. c4 h4 26. gxh4 Qxh4 27. Qe2 Re6 28. g3 Qg5 29. Kg2 Red6 30. d5 Nh5 31. Qg4 Qxg4 32. Nxg4 cxd5 33. Rxd5 Rxd5 34. cxd5 f5 35. Ne3 g6 36. Rc1 Rd7 37. Rc5 Nf6 38. f3 Kg7 39. fxe4 Nxe4 40. Rc8 Kf6 41. Re8 Kg5 42. Kf3 Rc7 43. g4 Nd6 44. Re6 fxg4+ 45. Nxg4 Rc3+ 46. Ke2 Nb5 47. Ne5 Rc2+ 48. Kd3 Rc1 1/2-1/2